000 00250nam a22001217a 4500
008 180105b xxu||||| |||| 00| 0 eng d
041 _aeng
080 _a7
100 _a44
101 _aART
245 _aOVERTREATED
_cBROWNICE.SH
942 _2udc
_cBK
999 _c39798
_d39798